00322nam a22000857a 4500100002800000245011800028260005000146300000800196650003200204 aInternational symposium aInternational Symposium on Herbal Medicine, Phytopharmaceuticals and other natural products : Trends and Advances aColombobSri lanka foundation institutec2005 a75p aChemistryaHerbal Medicines